Information Technology (Record no. 1499)

MARC details
000 -LEADER
fixed length control field 00464nam a22001697a 4500
005 - DATE AND TIME OF LATEST TRANSACTION
control field 20180131154801.0
008 - FIXED-LENGTH DATA ELEMENTS--GENERAL INFORMATION
fixed length control field 160524b xxu||||| |||| 00| 0 eng d
020 ## - INTERNATIONAL STANDARD BOOK NUMBER
ISBN 978-0-07-463558-2
041 ## - LANGUAGE CODE
Language code of text/sound track or separate title eng
082 ## - DEWEY DECIMAL CLASSIFICATION NUMBER
Item number 4468
Classification number 004
100 ## - MAIN ENTRY--AUTHOR NAME
Personal name Curtin, Dennis P. and others
245 ## - TITLE STATEMENT
Title Information Technology
Remainder of title :the breaking wave
260 ## - PUBLICATION, DISTRIBUTION, ETC. (IMPRINT)
Place of publication New Delhi
Name of publisher Academic Faundation
Year of publication 2010
300 ## - PHYSICAL DESCRIPTION
Number of Pages 297
650 ## - SUBJECT ADDED ENTRY--TOPICAL TERM
Topical Term Information Technology
942 ## - ADDED ENTRY ELEMENTS (KOHA)
Koha item type Books
Holdings
Lost status Damaged status Collection code Home library Current library Shelving location Date acquired Source of acquisition Full call number Accession Number Koha item type
    CS/IT JRU Library JRU Library SHELF-48-D 24/05/2016 PURCHASE 004 4468 Books
    CS/IT JRU Library JRU Library SHELF-57-C 24/05/2016   4468 4469 Books
    PHARMACY JRU Library JRU Library Shelf - 25- H 24/05/2016   4468 4470 Books
    CS/IT JRU Library JRU Library SHELF-48-D 24/05/2016 PURCHASE 004 4471 Books